[Event "Bratto op"]
[Site "Bratto"]
[Date "1997.??.??"]
[Round "2"]
[White "Ferretti, Folco"]
[Black "Smirin, Ilia"]
[Result "0-1"]
[WhiteElo "2255"]
[BlackElo "2575"]

1.e4 c5 2.c3 d6 3.d4 Nf6 4.Bd3 cxd4 5.cxd4 e5 6.Ne2 exd4 7.Nxd4 Nc6 8.Nxc6 bxc6
9.O-O Be7 10.Bf4 O-O 11.Qc2 Bb7 12.Nc3 Nd7 13.Rad1 Qa5 14.e5 Nxe5 15.Bxh7+ Kh8
16.b4 Qb6 17.Bxe5 dxe5 18.Qf5 Qxb4 19.Rb1 Bc8 20.Qf3 Qh4 21.Qxc6 Be6 22.Bc2 Rac8
23.Qf3 e4 24.Bxe4 Rxc3 25.Qxc3 Qxe4 26.Rfe1 Qg6 27.Rb7 Rc8 28.Rc7 Rxc7 29.Qxc7 Bd5
30.Qg3 Qxg3 31.hxg3 Bb4 32.Rd1 Be6 33.Rc1 a5 34.a4 Bb3  0-1

[Event "Bratto op"]
[Site "Bratto"]
[Date "1997.??.??"]
[Round "3"]
[White "Smirin, Ilia"]
[Black "Belotti, Bruno"]
[Result "1-0"]
[WhiteElo "2575"]
[BlackElo "2405"]

1.e4 c5 2.Ne2 d6 3.Nbc3 Nf6 4.g3 Nc6 5.Bg2 e6 6.d4 cxd4 7.Nxd4 Bd7 8.O-O Be7
9.Nb3 a6 10.g4 h6 11.f4 g5 12.e5 dxe5 13.fxg5 hxg5 14.Bxg5 Qb6+ 15.Kh1 Nh5
16.gxh5 Bxg5 17.Ne4 Be7 18.Nd6+ Bxd6 19.Qxd6 Rh7 20.Be4 f5 21.Nc5 O-O-O 22.Nxe6 fxe4
23.Nxd8 Qd4 24.Qxd4 Nxd4 25.Rf8 Kc7 26.Re1 Rxh5 27.Rxe4 b5 28.Re3  1-0

[Event "Bratto op"]
[Site "Bratto"]
[Date "1997.??.??"]
[Round "4"]
[White "Guido, Flavio"]
[Black "Smirin, Ilia"]
[Result "1/2-1/2"]
[WhiteElo "2300"]
[BlackElo "2575"]

1.e4 c5 2.c3 Nf6 3.e5 Nd5 4.d4 cxd4 5.Nf3 Nc6 6.Bc4 Nb6 7.Bb3 d5 8.exd6 Qxd6
9.O-O Be6 10.Na3 dxc3 11.Qe2 Bxb3 12.axb3 e5 13.Nb5 Qb8 14.bxc3 Be7 15.Bg5 f6
16.Be3 Nd5 17.Nxa7 Nxc3 18.Qc4 Nxa7 19.Qxc3 O-O 20.Qc4+ Kh8 21.Nh4 Nc6 22.Nf5 Rxa1
23.Rxa1 Qc8 24.Nxe7 Nxe7 25.Bc5 Qd7 26.Qa4 b5 27.Qa3 Rd8 28.h3 Nc6 29.Qa6 Nd4
30.Qb6 h6 31.Kh2 Qd5 32.Ra7 Rd7 33.b4 Kh7 34.Qb8 Ne2 35.Qa8 Qxa8 36.Rxa8 Rb7
37.g3 Kg6 38.Rd8 Nc3 39.f3 Na4 40.Rd5 Kf7 41.g4 Nb2 42.h4 g6 43.g5 h5 44.Rd6 fxg5
45.hxg5 Nc4 46.Rf6+ Kg7 47.Bf8+ Kh7 48.Bc5 Rd7 49.Kg2 Rd2+ 50.Kg3 Rd3 51.Re6 Rd7
52.Kg2 Rf7 53.Be7 Rf4 54.Bf6 Ne3+ 55.Kg3 Nd5 56.Re8 Nxf6 57.gxf6 Rxf6 58.Rxe5 Rf5
59.Rxf5 gxf5 60.f4  1/2-1/2

[Event "Bratto op"]
[Site "Bratto"]
[Date "1997.??.??"]
[Round "5"]
[White "Smirin, Ilia"]
[Black "Nurkic, Sahbaz"]
[Result "1-0"]
[WhiteElo "2575"]
[BlackElo "2395"]

1.e4 g6 2.d4 Bg7 3.c4 d6 4.Nc3 Nc6 5.d5 Nd4 6.Be3 c5 7.Nge2 Qb6 8.Na4 Qa5+
9.Bd2 Qa6 10.Nxd4 Bxd4 11.Nc3 Bd7 12.Bd3 Bg7 13.f4 Bd4 14.Qc2 e6 15.Nb5 Bxb5
16.cxb5 Qb6 17.dxe6 fxe6 18.Qb3 d5 19.exd5 exd5 20.Qxd5 Bxb2 21.O-O Bxa1
22.Rxa1 Ne7 23.Re1 Rf8 24.Bc4 Rd8 25.Qe4 Qd6 26.Qxb7 Rd7 27.Qa8+ Rd8 28.Qxa7 Rd7
29.Qa8+ Rd8 30.Qa4 Qxd2 31.b6+ Rd7 32.Qa8+ Rd8 33.Qc6+ Rd7 34.Qc8+  1-0

[Event "Bratto op"]
[Site "Bratto"]
[Date "1997.??.??"]
[Round "8"]
[White "Grosar, Aljosa"]
[Black "Smirin, Ilia"]
[Result "1/2-1/2"]
[WhiteElo "2495"]
[BlackElo "2575"]

1.e4 d6 2.d4 Nf6 3.Nc3 g6 4.Nf3 Bg7 5.Bf4 Nc6 6.Qd2 Bg4 7.d5 Bxf3 8.gxf3 Ne5
9.Be2 c6 10.O-O-O O-O 11.Bh6 Bxh6 12.Qxh6 cxd5 13.Nxd5 Nxd5 14.Rxd5 Rc8 15.f4 Qc7
16.c3 e6 17.Rd4 Nc6 18.Rd2 f5 19.Rhd1 fxe4 20.Rxd6 Rcd8 21.Rxd8 Rxd8 22.Rxd8+ Nxd8
23.Qg5 Nf7 24.Qf6 Qb6 25.Bc4 Qxf2 26.Bxe6 Qe1+  1/2-1/2

[Event "Corsica rap op"]
[Site "Corsica"]
[Date "1997.??.??"]
[Round "1"]
[White "Allen, Andrew"]
[Black "Smirin, Ilia"]
[Result "0-1"]
[WhiteElo "2215"]
[BlackElo "2600"]

1.d4 Nf6 2.c4 c5 3.d5 b5 4.cxb5 a6 5.Nc3 axb5 6.e4 b4 7.Nb5 d6 8.Bf4 Nxe4
9.Qe2 g5 10.Be5 dxe5 11.Qxe4 Bg7 12.d6 Qa5 13.Rd1 O-O 14.Nf3 f5 15.Qe3 e6
16.Bc4 Ba6 17.Bxe6+ Kh8 18.Nc7 e4 19.h4 exf3 20.hxg5 fxg2 21.Rxh7+ Kxh7 22.f4 Kg6
23.Rd5 Qxa2 24.Bxf5+ Rxf5 25.Qe6+ Rf6 26.Qe3 Qa1+ 27.Rd1 Qxd1+ 28.Kxd1 Rxd6+  0-1

[Event "Corsica rap op"]
[Site "Corsica"]
[Date "1997.??.??"]
[Round "5"]
[White "Legky, Nikolay A"]
[Black "Smirin, Ilia"]
[Result "0-1"]
[WhiteElo "2490"]
[BlackElo "2600"]

1.d4 Nf6 2.c4 g6 3.Nc3 Bg7 4.Bf4 O-O 5.e3 d6 6.Nf3 Nh5 7.Bg5 h6 8.Bh4 g5
9.Nxg5 hxg5 10.Qxh5 gxh4 11.Bd3 Re8 12.Ne4 e5 13.d5 Nd7 14.g4 hxg3 15.fxg3 f5
16.Ng5 Nf6 17.Qf7+ Kh8 18.Qg6 Re7 19.Nf7+ Rxf7 20.Qxf7 e4 21.Be2 Bd7 22.Qg6 Qe8
23.Qg5 Nh7 24.Qh4 Bxb2 25.Rb1 Bc3+ 26.Kf2 b6 27.Kf1 Bf6 28.Qh5 Qxh5 29.Bxh5 Kg7
30.Rg1 Ng5 31.Kg2 Rh8 32.Be2 Nf7  0-1

[Event "ISR-chT"]
[Site "Israel"]
[Date "1997.??.??"]
[Round "5"]
[White "Zoler, Dan"]
[Black "Smirin, Ilia"]
[Result "1/2-1/2"]
[WhiteElo "2465"]
[BlackElo "2575"]

1.Nf3 c5 2.b3 d6 3.g3 e5 4.d3 g6 5.Bb2 Bg7 6.c4 Ne7 7.Bg2 O-O 8.Nc3 Nbc6
9.O-O a6 10.Nd2 Rb8 11.Nd5 b5 12.e3 Nxd5 13.cxd5 Nb4 14.Nb1 a5 15.a3 Na6
16.Nd2 Nc7 17.Rc1 Ne8 18.Qc2 Nf6 19.a4 b4 20.Nc4 Ba6 21.Rce1 Ng4 22.f3 Bxc4
23.dxc4 Nh6 24.Bh3 f5 25.e4 f4 26.Be6+ Kh8 27.gxf4 Rxf4 28.Bc1 Rf8 29.f4 exf4
30.Rxf4 Qe7 31.Ref1 Rxf4 32.Bxf4 Rf8 33.Qg2 Nf7 34.Qg3 Ne5 35.Bg5 Rxf1+ 36.Kxf1 Qf8+
37.Qf4 Qxf4+ 38.Bxf4 Nxc4 39.bxc4 b3 40.Bc1 b2 41.Bxb2 Bxb2 42.Ke2 Kg7 43.e5 Bxe5
44.h3  1/2-1/2

[Event "EUCup Gr7"]
[Site "Krynica"]
[Date "1997.??.??"]
[Round "2"]
[White "Iljin, Stanislav"]
[Black "Smirin, Ilia"]
[Result "0-1"]
[WhiteElo "2325"]
[BlackElo "2600"]

1.d4 Nf6 2.c4 g6 3.g3 c5 4.Nf3 Bg7 5.Bg2 Qa5+ 6.Nc3 Ne4 7.Qd3 cxd4 8.Nxd4 Nc5
9.Qe3 Nc6 10.Nb5 Ne6 11.Bd2 a6 12.Nd5 Qd8 13.Nbc3 O-O 14.O-O Ned4 15.Qe4 e6
16.Nf4 b5 17.e3 Nf5 18.cxb5 axb5 19.Nxb5 Bxb2 20.Rab1 Bg7 21.Qc2 Ba6 22.Rfc1 h5
23.Nd3 Rb8 24.a4 Bb7 25.Na7 Ncd4 26.exd4 Bxg2 27.Kxg2 Nxd4 28.Rxb8 Qxb8 29.Qc7 Qa8+
30.Kh3 Qf3 31.Ne1 Qxf2 32.Qf4 Qe2 33.Nb5 Nb3 34.Rc2 Nxd2 35.Rxd2 Qxe1 36.Rxd7 e5
37.Qc4 Qf2 38.Nd6 g5 39.Qe4 Qf1+  0-1

[Event "Gran Canaria op"]
[Site "Las Palmas"]
[Date "1997.??.??"]
[Round "?"]
[White "Smirin, Ilia"]
[Black "Rausis, Igors"]
[Result "1/2-1/2"]
[WhiteElo "2600"]
[BlackElo "2490"]

1.c4 e6 2.Nc3 d5 3.d4 Nf6 4.cxd5 exd5 5.Bg5 Be7 6.e3 Nbd7 7.Bd3 O-O 8.Nge2 Re8
9.O-O c6 10.Qc2 Nf8 11.f3 Qb6 12.Kh1 h6 13.Bh4 Ng4 14.Bxe7 Nxe3 15.Bc5 Nxc2
16.Bxb6 Nb4 17.Bc7 Nxd3 18.b3 b6 19.Nf4 Nb4 20.Rac1 Ba6 21.Rfd1 Ne6 22.Nxe6 Rxe6
23.h3 Rae8 24.Kh2 g5 25.Rd2 Re1 26.Rxe1 Rxe1 27.Bb8 Rc1 28.Nd1 c5 29.Bxa7 cxd4
30.a3 d3 31.axb4 Rc2 32.Rf2 Rxf2 33.Nxf2 d2 34.Bxb6 Be2 35.b5 d1=Q 36.Nxd1 Bxd1
37.Bd4 Be2 38.b6 Ba6 39.g4 Kh7 40.Kg3 Kg6 41.Kf2 h5 42.Ke3 hxg4 43.hxg4 f6
44.Bc3 Kf7 45.Kd4 Ke6  1/2-1/2

[Event "Gran Canaria op"]
[Site "Las Palmas"]
[Date "1997.??.??"]
[Round "?"]
[White "Smirin, Ilia"]
[Black "Merino Garcia, Rafael"]
[Result "1-0"]
[WhiteElo "2600"]
[BlackElo "2285"]

1.e4 c5 2.Nf3 Nc6 3.Bb5 e6 4.O-O Nge7 5.c3 a6 6.Ba4 b5 7.Bc2 Bb7 8.d4 cxd4
9.Nxd4 Ng6 10.f4 Be7 11.Nd2 O-O 12.N2b3 Rc8 13.Be3 b4 14.Qh5 bxc3 15.bxc3 Nxd4
16.Bxd4 d6 17.Rad1 Qc7 18.e5 dxe5 19.fxe5 Qc6 20.Rf3 Ba8 21.Nd2 Qe8 22.Be4 Bd5
23.Bxd5 exd5 24.Nf1 Bc5 25.Ne3 Qe6 26.Ng4 Bxd4+ 27.cxd4 Rfe8 28.Rdf1 Rc7
29.Nf6+ gxf6 30.exf6 Kh8 31.Rh3 Nf8 32.Qg5  1-0

[Event "Gran Canaria op"]
[Site "Las Palmas"]
[Date "1997.??.??"]
[Round "?"]
[White "San Segundo, Pablo"]
[Black "Smirin, Ilia"]
[Result "1/2-1/2"]
[WhiteElo "2495"]
[BlackElo "2600"]

1.Nf3 Nf6 2.c4 g6 3.Nc3 Bg7 4.e4 d6 5.d4 O-O 6.Be2 e5 7.O-O Nc6 8.d5 Ne7
9.b4 a5 10.Ba3 axb4 11.Bxb4 Nd7 12.a4 Kh8 13.a5 Ng8 14.Nd2 f5 15.Bd3 Nh6
16.Na4 Nf6 17.c5 fxe4 18.Bxe4 Nf7 19.Ra3 Re8 20.Nc3 Bf8 21.cxd6 Nxd6 22.Qb1 Bf5
23.Bxd6 Bxd6 24.Ra4 Bd7 25.Ra2 Qe7 26.Nb5 Nxe4 27.Nxe4 Bf5 28.Nbxd6 cxd6
29.f3 Bxe4 30.fxe4  1/2-1/2

[Event "Gran Canaria op"]
[Site "Las Palmas"]
[Date "1997.??.??"]
[Round "?"]
[White "Pogorelov, Ruslan"]
[Black "Smirin, Ilia"]
[Result "1/2-1/2"]
[WhiteElo "2440"]
[BlackElo "2600"]

1.Nf3 Nf6 2.g3 b5 3.Bg2 Bb7 4.d4 e6 5.Bg5 c5 6.c3 Be7 7.O-O O-O 8.Nbd2 Qb6
9.a4 cxd4 10.cxd4 Nc6 11.Bxf6 Bxf6 12.Ne4 Be7 13.d5 exd5 14.Nc3 Nb4 15.axb5 a6
16.Ne5 Qe6 17.Nd3 axb5 18.Rxa8 Bxa8 19.Nxb4 Bxb4 20.Nxd5 Bxd5 21.Bxd5 Qe5
22.Qb3 Bc5 23.e3 b4 24.Qc4 d6 25.b3 Qe7 26.Rd1 Kh8 27.Kg2 f5 28.h4 Qa7 29.Qc2 Qe7
30.Bf3 Qf6 31.Rd5 g6 32.Rd3 Rf7 33.Qc4 Ra7 34.Qd5 Kg7 35.Rd2 Qc3 36.Be2 Re7
37.Bc4 Qe5 38.Ra2 Qxd5+ 39.Bxd5 Ra7 40.Rd2  1/2-1/2

[Event "Gran Canaria op"]
[Site "Las Palmas"]
[Date "1997.??.??"]
[Round "?"]
[White "Brito, Alfredo"]
[Black "Smirin, Ilia"]
[Result "0-1"]
[WhiteElo "2405"]
[BlackElo "2600"]

1.d4 Nf6 2.c4 g6 3.Nc3 Bg7 4.e4 d6 5.Nf3 O-O 6.Be2 e5 7.O-O Na6 8.Be3 Ng4
9.Bg5 Qe8 10.h3 h6 11.Bc1 Nf6 12.dxe5 dxe5 13.Be3 Qe7 14.Qc1 Kh7 15.Nd5 Qd8
16.Nxf6+ Qxf6 17.c5 Nb4 18.Rd1 a5 19.a3 Nc6 20.b4 axb4 21.axb4 Rxa1 22.Qxa1 Nxb4
23.Qa5 Nc2 24.Qxc7 Nxe3 25.fxe3 Qe6 26.Rd5 Qe8 27.Rd6 Qa4 28.Nd2 Qa1+ 29.Nf1 Qe1
30.Bf3 h5 31.Rd1 Qb4 32.Qb6 Qxb6 33.cxb6 Be6 34.Be2 Rc8 35.Rb1 Bf8 36.Kf2 Rc2
37.Kf3 Rc3 38.Nd2 Kg7 39.Nf1 Bc5 40.Bd1 Kf8 41.Ba4 Bc4 42.Kf2 Bd3  0-1

[Event "US-op"]
[Site "Las Vegas"]
[Date "1997.??.??"]
[Round "1"]
[White "Taffinder, D."]
[Black "Smirin, Ilia"]
[Result "0-1"]
[WhiteElo "2120"]
[BlackElo "2625"]

1.e4 c5 2.Nf3 Nc6 3.d4 cxd4 4.Nxd4 Nf6 5.Nc3 d6 6.Bc4 Qb6 7.Nb3 e6 8.O-O Be7
9.Be3 Qc7 10.Be2 a6 11.a4 b6 12.f4 O-O 13.Bf3 Rb8 14.Qe2 Na5 15.Nxa5 bxa5
16.Rab1 Rb4 17.Qd3 Bb7 18.b3 Rc8 19.Bd2 Qc5+ 20.Kh1 Rd4 21.Qe2 Rxd2 22.Qxd2 Qxc3
23.Qxc3 Rxc3 24.e5 Nd5 25.Rf2 dxe5 26.fxe5 Bc5 27.Rd2 g6 28.Re1 Kg7 29.Be4 Bb4
30.Rd4 Rxb3 31.cxb3 Bxe1 32.Rc4 Bb4 33.Kg1 f5 34.exf6+ Kxf6 35.g3 Ke5 36.Kf2 Kd6
37.Bf3 Bc5+ 38.Ke2 Bc6 39.Kd2 g5 40.Be2 Nf6 41.Kc2 e5 42.h4 g4 43.Kd3 e4+
44.Kd2 e3+ 45.Kd3 h5 46.Rf4 Ke5 47.Kc4 Bb6 48.Kd3 Ne4  0-1

[Event "US-op"]
[Site "Las Vegas"]
[Date "1997.??.??"]
[Round "2"]
[White "Smirin, Ilia"]
[Black "Diamond, Jim"]
[Result "1-0"]
[WhiteElo "2625"]
[BlackElo "2250"]

1.e4 e5 2.Nf3 Nc6 3.Bb5 Nf6 4.O-O Nxe4 5.Re1 Nd6 6.Nxe5 Be7 7.Bd3 Nxe5 8.Rxe5 O-O
9.Nc3 Re8 10.b3 Bf6 11.Re1 b6 12.Ba3 c5 13.Qh5 g6 14.Qd5 Nb7 15.Rxe8+ Qxe8
16.Kf1 Qe5 17.Re1 Qxd5 18.Nxd5  1-0

[Event "New York op"]
[Site "New York"]
[Date "1997.??.??"]
[Round "?"]
[White "Garcia, Gildardo"]
[Black "Smirin, Ilia"]
[Result "1/2-1/2"]
[WhiteElo "2485"]
[BlackElo "2575"]

1.e4 c5 2.Nf3 Nc6 3.d4 cxd4 4.Nxd4 Nf6 5.Nc3 d6 6.Bg5 e6 7.Qd2 a6 8.O-O-O Nxd4
9.Qxd4 Be7 10.f4 b5 11.Be2 Bb7 12.Bf3 Qc7 13.Bxf6 gxf6 14.f5 Rc8 15.fxe6 fxe6
16.Bg4 Kf7 17.Bh5+ Kg7 18.e5 Rhd8 19.Qg4+ Kh8 20.exd6 Rxd6 21.Rxd6 Bxd6 22.Qxe6 Be5
23.Rd1 Bxc3 24.bxc3 Qxc3 25.Qf5 Qa1+ 26.Kd2 Rd8+ 27.Ke1 Qc3+ 28.Kf1 Qc4+
29.Rd3 Rf8 30.Be2 Qxc2 31.Qe6 Qc1+ 32.Rd1 Qf4+ 33.Kg1 Qg5 34.Bf1 Qc5+ 35.Kh1 Qf2
36.Qe7 Rb8 37.Qc7 Bxg2+ 38.Bxg2 Re8 39.Be4 Qh4 40.Bc6 Re1+ 41.Rxe1 Qxe1+
42.Kg2 Qe2+ 43.Kh3 Qxa2 44.Qe7 Qb3+ 45.Kh4 Qg8 46.Qxf6+ Qg7 47.Qd8+ Qg8 48.Qd6 h6
49.Kh3 Qg5 50.Qf8+ Qg8 51.Qd6 Qg5 52.Bd5 Qf5+ 53.Kg3 Kg7 54.Qe7+ Kh8 55.Qd8+ Kg7
56.Qe7+ Kh8 57.Qd6 Kg7 58.Be6 Qf6 59.h4 a5 60.Qc7+ Kf8 61.Qc5+ Kg7 62.Bf5 a4
63.Qxb5 a3 64.Qd7+ Qf7 65.Qd4+ Qf6 66.Qa7+ Qf7 67.Qd4+ Qf6 68.Qg4+ Kf8 69.Be6 Qg7
70.h5 Qxg4+ 71.Kxg4 a2 72.Bxa2 Kg7 73.Kf5  1/2-1/2

[Event "New York op"]
[Site "New York"]
[Date "1997.??.??"]
[Round "?"]
[White "Smirin, Ilia"]
[Black "Yermolinsky, Alex"]
[Result "0-1"]
[WhiteElo "2575"]
[BlackElo "2630"]

1.e4 c5 2.Nf3 d6 3.d4 cxd4 4.Nxd4 Nf6 5.Nc3 Nc6 6.Bg5 e6 7.Qd2 a6 8.O-O-O h6
9.Be3 Be7 10.f4 Nxd4 11.Bxd4 b5 12.Qe3 Bb7 13.Bxf6 Bxf6 14.e5 Be7 15.exd6 Bxd6
16.Qd4 b4 17.Na4 Bc7 18.Bb5+ axb5 19.Qxg7 Bxf4+ 20.Kb1 Qc7 21.Qxh8+ Ke7 22.Qd4 Rxa4
23.b3 Be5 24.Qh4+ Bf6 25.Qg3 Qxg3 26.hxg3 Ra8  0-1

[Event "New York op"]
[Site "New York"]
[Date "1997.??.??"]
[Round "?"]
[White "Van Wely, Loek"]
[Black "Smirin, Ilia"]
[Result "1/2-1/2"]
[WhiteElo "2645"]
[BlackElo "2575"]

1.d4 Nf6 2.c4 c5 3.d5 b5 4.Nd2 d6 5.e4 bxc4 6.Bxc4 g6 7.b3 Bg7 8.Bb2 O-O
9.Ngf3 e6 10.O-O e5 11.a3 Nh5 12.b4 Nd7 13.Bb5 Rb8 14.Bc6 Nf4 15.g3 Nd3 16.Bc3 cxb4
17.axb4 Nxb4 18.Qa4 Nc5 19.Qxa7 Bh3 20.Rfb1 Nc2 21.Rxb8 Qxb8 22.Qxb8 Rxb8
23.Rc1 Nd4 24.Nxd4 exd4 25.Ba1 f5 26.exf5 Bxf5 27.Kg2 h5 28.h3 Bh6 29.f4 Bg7
30.Re1 Nb3 31.g4 Nxd2 32.gxf5 gxf5 33.Rd1 Ne4 34.Bd7 Nc3 35.Re1 d3 36.Bxc3 Bxc3
37.Re8+ Rxe8 38.Bxe8 h4 39.Kf3 d2 40.Ba4 Bg7 41.Ke2  1/2-1/2

[Event "New York op"]
[Site "New York"]
[Date "1997.??.??"]
[Round "7"]
[White "Smirin, Ilia"]
[Black "Olafsson, Helgi"]
[Result "1/2-1/2"]
[WhiteElo "2575"]
[BlackElo "2500"]

1.e4 c5 2.Nf3 d6 3.d4 cxd4 4.Nxd4 Nf6 5.Nc3 a6 6.Be3 e6 7.a4 Nc6 8.Be2 Be7
9.O-O O-O 10.Kh1 Qc7 11.f4 Re8 12.Bd3 Nb4 13.a5 Bd7 14.Qe1 Rac8 15.Nf3 Bc6
16.Bb6 Qb8 17.Bd4 Nd7 18.Qg3 Bf8 19.Rae1 e5 20.Be3 exf4 21.Bxf4 Nf6 22.Nd4 Nh5
23.Qf3 Nxd3 24.cxd3 Nxf4 25.Qxf4 Re7 26.Nf5  1/2-1/2

[Event "World op"]
[Site "Philadelphia"]
[Date "1997.??.??"]
[Round "6"]
[White "Shabalov, Alexander"]
[Black "Smirin, Ilia"]
[Result "1/2-1/2"]
[WhiteElo "2585"]
[BlackElo "2600"]

1.e4 d6 2.d4 Nf6 3.Nc3 g6 4.Bg5 Bg7 5.Qd2 h6 6.Bh4 Nbd7 7.f4 c5 8.d5 Qa5
9.Nf3 Qb4 10.Bd3 c4 11.Be2 Qxb2 12.O-O Ng4 13.Nd4 Qb6 14.Rfd1 Ngf6 15.Rab1 Qa5
16.Bf3 O-O 17.Re1 Qc7 18.Ncb5 c3 19.Qd3 Qc5 20.Bf2 a6 21.e5 dxe5 22.fxe5 Nxd5
23.Bxd5 Qxd5 24.Nc7 Nxe5 25.Qg3 Qd8 26.Nxa8 Ng4 27.Nf3 Nxf2 28.Qxf2 Bg4 29.Ne5 Bxe5
30.Rxe5 Qxa8 31.Rxe7 b5 32.Qg3 Qd8 33.Ree1 Bf5 34.Kh1 Qb6 35.Rb3 Bxc2 36.Rxc3 Bf5
37.h3 b4 38.Rcc1 h5 39.Red1 a5 40.Qe5 a4 41.Rd6 Qb8 42.Rc5 b3 43.axb3 axb3
44.Rb5 Qc8 45.Qd5 Be6 46.Qd2 Qa8 47.Qd4 Qc8 48.Rdb6 Qc2 49.Rc5 Qb1+ 50.Kh2 Qf1
51.Rcb5 Rc8 52.Rxb3 Rc2  1/2-1/2

[Event "EU-chT (Men)"]
[Site "Pula"]
[Date "1997.??.??"]
[Round "2"]
[White "Blatny, Pavel"]
[Black "Smirin, Ilia"]
[Result "0-1"]
[WhiteElo "2540"]
[BlackElo "2575"]

1.Nf3 Nf6 2.c4 g6 3.b3 Bg7 4.Bb2 d6 5.d4 O-O 6.g3 e5 7.Bg2 e4 8.Nfd2 Re8
9.e3 c6 10.d5 cxd5 11.cxd5 Bg4 12.Qc2 Na6 13.a3 Rc8 14.Nc3 Nc5 15.O-O Nd3
16.f3 Nxb2 17.fxg4 Nxd5 18.Ndxe4 Nxc3 19.Nxc3 Rxc3 20.Qxb2 Rcxe3 21.Qf2 Bxa1
22.Qxf7+ Kh8 23.Rxa1 Re1+ 24.Rxe1 Rxe1+ 25.Kf2 Qe7 26.Qf3 Rc1 27.Qe4 Qxe4
28.Bxe4 Rc3 29.Bd5 Rd3 30.Bc4 Rd2+ 31.Ke3 Rxh2 32.g5 Kg7 33.a4 Rh5 34.Kf4 h6
35.gxh6+ Kxh6 36.Ke4 Re5+ 37.Kd4 Rg5 38.Ke4 Rxg3 39.Bd5 b6 40.Bc4 Kh5  0-1

[Event "EU-chT (Men)"]
[Site "Pula"]
[Date "1997.??.??"]
[Round "5"]
[White "Sulskis, Sarunas"]
[Black "Smirin, Ilia"]
[Result "0-1"]
[WhiteElo "2525"]
[BlackElo "2575"]

1.e4 d6 2.d4 Nf6 3.Nc3 g6 4.Nf3 Bg7 5.Be2 O-O 6.O-O Nc6 7.Be3 Bg4 8.h3 Bxf3
9.Bxf3 e5 10.dxe5 dxe5 11.Qxd8 Rfxd8 12.Rfd1 Nd4 13.Rac1 c6 14.Nb1 Nd7 15.c3 Nxf3+
16.gxf3 Nf8 17.Na3 Ne6 18.Nc4 b6 19.a4 f5 20.b4 Bf6 21.Kg2 Rab8 22.exf5 gxf5
23.Rd6 Rxd6 24.Nxd6 f4 25.Bd2 Rd8 26.Ne4 Kf7 27.Kf1 Ng5 28.Nxg5+ Bxg5 29.Ke2 Kg6
30.b5 cxb5 31.axb5 e4 32.h4 exf3+ 33.Kxf3 Rxd2 34.hxg5 Kf5 35.Ra1 Rd3+ 36.Ke2 Rd7
37.Rg1 Rg7 38.Rd1 Rc7 39.Rd5+ Kg4 40.Kd3 Kf3 41.Rf5 Rc5 42.Rf7 Rxb5 43.c4 Rxg5
44.Rxh7 Kxf2  0-1

[Event "EU-chT (Men)"]
[Site "Pula"]
[Date "1997.??.??"]
[Round "8"]
[White "Smirin, Ilia"]
[Black "Almasi, Zoltan"]
[Result "1/2-1/2"]
[WhiteElo "2575"]
[BlackElo "2595"]

1.c4 e5 2.Nc3 Nc6 3.g3 g6 4.Bg2 Bg7 5.Nf3 Nge7 6.Rb1 a5 7.O-O O-O 8.d3 d6
9.Bd2 h6 10.a3 Be6 11.b4 axb4 12.axb4 Qd7 13.Re1 Bg4 14.b5 Nd4 15.Nxd4 exd4
16.Nd5 Nxd5 17.Bxd5 c6 18.bxc6  1/2-1/2

[Event "Rishon Le Ziyyon 9798"]
[Site "Rishon Le Ziyyon"]
[Date "1998.01.02"]
[Round "9"]
[White "Golod, Vitali"]
[Black "Smirin, Ilia"]
[Result "1/2-1/2"]
[WhiteElo "2515"]
[BlackElo "2600"]

1.d4 Nf6 2.Nf3 g6 3.c4 Bg7 4.Nc3 O-O 5.e4 d6 6.Be2 Na6 7.O-O e5 8.Be3 Ng4
9.Bg5 Qe8 10.dxe5 dxe5 11.h3 h6 12.Bd2 Nf6 13.Be3 Qe7 14.Nd5 Qd8 15.Nxf6+ Qxf6
16.c5 Nb8 17.b4 Nc6 18.a3 Rd8 19.Qc2 a5 20.b5 Nd4 21.Bxd4 exd4 22.Rad1 a4
23.Rfe1 Qe7 24.Bc4  1/2-1/2

[Event "New York op"]
[Site "New York"]
[Date "1998.03.18"]
[Round "5"]
[White "Shabalov, Alexander"]
[Black "Smirin, Ilia"]
[Result "0-1"]
[WhiteElo "2615"]
[BlackElo "2590"]

1.e4 c5 2.Nf3 e6 3.d4 cxd4 4.Nxd4 a6 5.Nc3 b5 6.g3 Bb7 7.Bg2 Nf6 8.O-O b4
9.Nd5 exd5 10.exd5 Bc5 11.Re1+ Kf8 12.Nf5 d6 13.Bf4 Bc8 14.Nd4 Qb6 15.Nc6 h6
16.Qd2 Bb7 17.a3 a5 18.axb4 axb4 19.Rxa8 Bxa8 20.Ra1 Nxc6 21.Bxd6+ Bxd6 22.dxc6 Qb8
23.Rxa8 Qxa8 24.Qxd6+ Kg8 25.c7 Qc8 26.Bf1 Ne8 27.Qd8 Qxc7 28.Qxe8+ Kh7 29.Qe4+ g6
30.Bc4 Rd8 31.Bb3 Rd1+ 32.Kg2 Rd2 33.Qf3 Kg7 34.h4 Rd6 35.Kh2 Qa7 36.Qe2 Rf6
37.Kg1 Qd4 38.c3 bxc3 39.bxc3 Qxc3 40.Bd5 Rd6 41.Qa2 Qe5 42.Bf3 Qe1+ 43.Kg2 Rd2
44.Qa7 Qe5 45.Qa6 Qd4 46.Qf1 Ra2 47.Qe1 Kf6 48.Qf1 Qd2 49.Kg1 Ke7 50.Kg2 Kf8
51.Bg4 Rc2 52.Bf3 Kg8 53.Be4 Rc1 54.Qb5 Qe1 55.Qe8+ Kg7 56.Qe5+ Kh7 57.Kf3 Qc3+
58.Qxc3 Rxc3+ 59.Kf4 Kg7 60.g4 Rh3  0-1

[Event "New York op"]
[Site "New York"]
[Date "1998.03.19"]
[Round "6"]
[White "Smirin, Ilia"]
[Black "Georgiev, Kiril"]
[Result "0-1"]
[WhiteElo "2590"]
[BlackElo "2675"]

1.e4 c5 2.Nf3 d6 3.d4 cxd4 4.Nxd4 Nf6 5.Nc3 a6 6.Be2 g6 7.g4 h6 8.h4 e5 9.Nb3 Be6
10.f4 exf4 11.Nd4 Qb6 12.Nxe6 fxe6 13.Bc4 e5 14.Nd5 Nxd5 15.Qxd5 Nc6 16.Qf7+ Kd8
17.c3 Be7 18.Qxg6 Kc7 19.Kf1 Raf8 20.b4 Kb8 21.Qe6 d5 22.Bb3 dxe4 23.a4 e3
24.b5 axb5 25.axb5 Qxb5+ 26.Bc4 Rf6  0-1

[Event "New York op"]
[Site "New York"]
[Date "1998.03.21"]
[Round "8"]
[White "Smirin, Ilia"]
[Black "Hracek, Zbynek"]
[Result "1/2-1/2"]
[WhiteElo "2590"]
[BlackElo "2610"]

1.e4 e5 2.Nf3 Nf6 3.d4 Nxe4 4.dxe5 d5 5.Nbd2 Nc5 6.Nb3 Bg4 7.Qd4 Nxb3 8.axb3 Bxf3
9.gxf3 Nc6 10.Bb5 Qd7 11.Qg4 a6 12.O-O Be7 13.Re1 Qe6 14.Bd2 O-O 15.Bd3 Qxg4+
16.fxg4 Nb4 17.Bxb4 Bxb4 18.c3 Be7 19.f4 Rad8 20.Kg2 g6 21.Rad1 d4 22.c4 Bb4
23.Re2 Rfe8 24.Kf3 Re6 25.Be4 Rb6 26.g5 Kg7 27.h4 h6 28.Kg4 Bc5 29.Rd3 Rh8
30.Bd5 a5 31.Rf2 c6 32.Be4 Rc8 33.Rh2 h5+ 34.Kg3 Rb4 35.Rc2 a4 36.bxa4 Rxa4
37.Bf3 Be7 38.Rc1 Rb4 39.Be4  1/2-1/2

[Event "New York op"]
[Site "New York"]
[Date "1998.03.22"]
[Round "9"]
[White "Aleksandrov, Aleksej"]
[Black "Smirin, Ilia"]
[Result "1/2-1/2"]
[WhiteElo "2615"]
[BlackElo "2590"]

1.Nf3 Nf6 2.c4 g6 3.Nc3 Bg7 4.d4 O-O 5.e4 d6 6.Be2 Na6 7.Bg5 h6 8.Bh4 g5
9.Bg3 Nh5 10.Qd2 e6 11.e5 Nxg3 12.hxg3 dxe5 13.Nxe5 c5 14.Ng4 cxd4 15.Nb5 Re8
16.Nxh6+ Kf8 17.Nxf7 Kxf7 18.Bh5+ Kg8 19.Bxe8 Qxe8 20.Qxg5 Bd7 21.Nxd4 Rc8
22.b3 Rc5 23.Qh4 Qg6 24.Rd1 Be8 25.Kf1 Rc7 26.Nf3 Rf7 27.Qd8 Rf8 28.Qd6 Qf5
29.Rh4 e5 30.g4 Qc2 31.g5 e4 32.Rd2 Qc1+ 33.Ne1 Nc5 34.g6 Bxg6 35.Qxg6 Qxd2
36.Qh7+ Kf7 37.Qf5+ Kg8 38.Qh7+ Kf7 39.Qf5+ Kg8 40.Qh7+  1/2-1/2

[Event "Dov Porath mem"]
[Site "Givatayim"]
[Date "1998.05.11"]
[Round "1"]
[White "Smirin, Ilia"]
[Black "Maryasin, Boris"]
[Result "1-0"]
[WhiteElo "2590"]
[BlackElo "2350"]

1.c4 c5 2.Nf3 Nc6 3.d4 cxd4 4.Nxd4 Nf6 5.Nc3 e6 6.g3 Qb6 7.Nb3 Ne5 8.e4 Bb4
9.Qe2 d6 10.Bd2 Bd7 11.f4 Ng6 12.Bg2 Bc6 13.O-O-O O-O 14.Kb1 Rac8 15.Be1 Bxc3
16.Bxc3 Ba4 17.h4 Bxb3 18.axb3 Qxb3 19.h5 Rxc4 20.Rd3 Ra4 21.hxg6 Rc8 22.gxh7+ Kh8
23.Kc1 b5 24.Qc2 Ra1+ 25.Kd2 Qxc2+ 26.Kxc2 Rxh1 27.Bxh1 b4 28.Rxd6 bxc3 29.bxc3 Rc7
30.e5 Nh5 31.Be4 g6 32.Rd3 Kxh7 33.Kb3 a5 34.c4 Kh6 35.Rc3 Rc5 36.Rf3 g5
37.Kc3 f5 38.Bc2 Rc7 39.Ba4 Ng7 40.Kd4 Kh5 41.Rc3 Rc8 42.c5 Rd8+ 43.Ke3 Ne8
44.Bxe8+ Rxe8 45.c6 Kg4 46.fxg5 Kxg5 47.Rc4 Rc8 48.Kd3 Kg6 49.Kd4 Kf7 50.Kc5 Ke7
51.Kb6 a4 52.Kb7  1-0

[Event "ISR Cup-f"]
[Site "Israel"]
[Date "1998.05.14"]
[Round "5"]
[White "Soffer, Ram"]
[Black "Smirin, Ilia"]
[Result "0-1"]
[WhiteElo "2525"]
[BlackElo "2590"]

1.e4 c5 2.Nf3 e6 3.d3 Nc6 4.g3 g6 5.Bg2 Bg7 6.O-O Nge7 7.Re1 d6 8.c3 e5 9.a3 O-O
10.b4 Kh8 11.Nbd2 f5 12.b5 Na5 13.Bb2 fxe4 14.dxe4 Be6 15.Qe2 Nc8 16.c4 Nb6
17.Rac1 a6 18.Qd3 Qe7 19.Ba1 axb5 20.cxb5 c4 21.Qe3 Na4 22.Bf1 Nb3 23.Rc2 Nxa1
24.Rxa1 c3 25.Nc4 Rac8 26.Na5 d5 27.exd5 Bxd5 28.Ng5 Qc7 29.Rd1 Bg8 30.b6 Nxb6
31.Rb1 Nd5 32.Qa7 Ra8  0-1

[Event "Dov Porath mem"]
[Site "Givatayim"]
[Date "1998.05.25"]
[Round "4"]
[White "Mikhalevski, Victor"]
[Black "Smirin, Ilia"]
[Result "1-0"]
[WhiteElo "2545"]
[BlackElo "2590"]

1.d4 Nf6 2.c4 g6 3.Nc3 Bg7 4.e4 d6 5.Be2 O-O 6.Nf3 e5 7.O-O Nc6 8.d5 Ne7
9.b4 Nh5 10.Re1 a5 11.bxa5 f5 12.Nd2 Nf4 13.Nb3 Nxe2+ 14.Rxe2 f4 15.Rc2 g5
16.Nb5 Ng6 17.c5 Qd7 18.a4 f3 19.cxd6 fxg2 20.Nc5 Qf7 21.Ne6 Nh4 22.Nxg5 Qg6
23.Ra3 h6 24.Ne6 Qxe4 25.dxc7 Rf3 26.Nd6 Qg4 27.Rc4 e4 28.Rxe4 Bxe6 29.dxe6  1-0